| 000 | 01267 a2200229 4500 | ||
|---|---|---|---|
| 001 | 16027 | ||
| 005 | 20260407155453.0 | ||
| 008 | 260407a1999 arg spa d | ||
| 003 | AR-UNSa-BCEJYS | ||
| 040 |
_aAR-UNSa-BCEJYS _bspa _cAR-UNSa-BCEJYS |
||
| 080 |
_a657 _xContabilidad |
||
| 245 | 1 | 0 | _aIntroducción a la contabilidad superior |
| 020 | _a978-950-9414-69-3 | ||
| 250 | _a3a. ed. | ||
| 264 | 1 |
_aSan Miguel de Tucumán : _bEdiciones El Graduado _c1999 |
|
| 300 |
_a332 p. _c22 cm. |
||
| 505 | _a1. Actividad económica del hombre - 2. La empresa - 3. El marco jurídico de la actividad económica en el derecho argentino - 4. La contabilidad - 5. El patrimonio de la empresa - 6. La fuente de la información contable: los documentos comerciales - 7. Los principios contables generalmente aceptados - 8. Los métodos de registración contable - 9. Cuentas - 10. Plan de cuentas - 11. Análisis de cuentas - 12. La información contable - 13. Los modelos contables - 14. Valuación - 15. Valor de ingreso al patrimonio | ||
| 942 | _cBK | ||
| 590 | _aniveau_biblio:m niveau_hierar:0 | ||
| 100 | 1 | _aRodríguez, Roberto Mario | |
| 856 | 4 | 1 |
_uhttps://biblioeco.unsa.edu.ar/pmb/images/libros/Introduccion a al Contabilidad Superior.jpg _yImagen de portada _qimage/jpeg |
| 999 |
_c686 _d686 |
||